000 01021nam0a2200253 4500
001 RU\NLR\BIBL_A\012122034
005 20250128194045.0
010 _a5-7608-0034-5
_91000
035 _a(NLR Aleph) 012122034
090 _a13297996
_c13297996
100 _a20191016d1991 m y0rusy50 ca
101 0 _aady
102 _aRU
105 _ay z 000 y
200 1 _aПсым ыхьырэ Iуашъхь
_eповестыр, рассказхэр, драматическэ тхыгъэхэр
_fКъуекъо Налбый
210 _aМыекъуапэ
_cАдыгэ тхылъ тедзапI
_d1991
215 _a270 с.
_d20
541 1 _6z01790
_aКурган жизни
_eповесть, рассказы, драматические произведения
_zrus
700 1 _aКъуекъо
_bН.
_f1939-2007
_gНалбый
_4070
790 1 _6z01541
_aКуек
_bН. Ю.
_f1939-2007
_gНальбий Юнусович
_3RU\NLR\AUTH\7718826
_4070
852 _aNLR
_bОНЛ
_jАдыг./3-1090
942 _cBOOK
980 _aNB